Candidatos a governador de SP com mais votos - Statistics

Estatísticas Gerais
  • Esse quiz foi jogado 244 vezes
    183 desde o último reset
  • A pontuação média é 17 de 27
Estatísticas das Respostas
Resposta % Correto
Fernando Haddad
94%
Geraldo Alckmin
90%
João Dória
90%
José Serra
86%
Mário Covas
85%
Paulo Maluf
84%
PSDB
79%
PT
79%
Márcio França
77%
PMDB
73%
Marta Suplicy
67%
Paulo Skaf
67%
PSB
67%
REPUBLICANOS
66%
Rodrigo Garcia
63%
Aloizio Mercadante
61%
PPB / PP
59%
Tarcísio Freitas
58%
Luiz Antônio Fleury Filho
56%
Orestes Quércia
55%
Alexandre Padilha
50%
José Genoíno
48%
PDS
48%
PDT
45%
Celso Russomanno
39%
Francisco Rossi
35%
José Dirceu
29%
Nenhum quiz correspondente encontrado
Distribuição das Pontuações
Porcentagem de Pessoas com Cada Pontuação
Percentil de Números Respondidos
Sua Pontuação Histórica
Você não jogou esse quiz desde o último reset